000 00683nam a2200205 u 4500
005 20210223132906.0
008 160426s2006 r 000 0 eng d
020 _a9702303524
035 _aUPN01000209791
049 _aCG
050 4 _aTK5105.875 I5.7
_bM3.2
100 1 _aMatamoros Vieyra, Luz María
_939107
245 1 0 _aAprovecho internet :
_blibro del adulto /
_cLuz María Matamoros Vieyra, Alfonso Ramón Bagur.
260 _aMéxico :
_bINEA :
_bSEP,
_c2006.
300 _a163 p. :
_bil.
440 0 _aModelo educación para la vida y el trabajo
650 4 _aINTERNET -
_xESTUDIO Y ENSEÑANZA
_93082
700 1 _aBagur, Alfonso Ramón,
_ecoaut.
_932252
905 _aLibro
999 _c181892
_d181892